00726 2200265 4500001002100000005001700021008004100038020001800079035002400097090001500121100002900136245008000165250001000245260003400255300003000289500003100319500001100350650002100361850001500382980001200397985000600409999001500415999001500430999001500445YOGYA-0209000004006720090227025620.0 ind  a979-96230-6-5 0010-020900000040067 a305bAhi S aAHIMSA-PUTRA, Heddy Skri aStrukturalisme levi-strauss mitos dan karya sastracHeddy Skri Ahimsa-Putra aCet.1 aYogyakartabKepel Pressc2006 axvi, 493 hlmbilusc21 cm aBibliografi : hlm. 451-474 aIndeks aSosial, Struktur aYOPDYOG(B) a18-1107 a3 a07B0030642 a07B0030643 a07B0030644